000 01125cab a22002295a 4500
001 L138049
008 070514s2007 xxk f 100 0 eng d
035 _a(Sirsi) u138049
041 0 _aeng
100 1 _aWong, James M.W.
245 0 4 _aThe quality of projections
_bmanpower demand for the Hong Kong construction industry
_h[electronic resource]
260 _c2005
490 0 _aCOBRA
_v2005
520 _aDiscusses the reliability and applicability of the existing manpower requirement forecasting models for the Hong Kong construction industry. Reports that existing models could not provide accurate forecasts, possibly due to the oversimplified assumptions and forecasting methodology.
651 4 _aInternational
690 _aBUILT ENVIRONMENT-CONSTRUCTION MANAGEMENT-CONSTRUCTION PLANNING
700 1 _aChan, Albert P.C.
700 1 _aChiang, Y.H.
711 2 _aConstruction and Building Research Conference
_cUniversity of Queensland, Brisbane
_d4-5 July 2005
856 4 0 _uhttps://www.rics.org/site/scripts/download_info.aspx?downloadID=2568
_zView the item free of charge at www.rics.org...
942 _n0
999 _c106985
_d106985